Enseñanza y aprendizaje en busca de nuevas rutas
| Hovedforfatter: | |
|---|---|
| Format: | Bog |
| Sprog: | spansk |
| Udgivet: |
Chile :
PREAL,
1996
|
| Fag: |
MARC
| LEADER | 00000nam a2200000Ia 4500 | ||
|---|---|---|---|
| 008 | 180629b1996 cl ||||| |||| 00| | spa d | ||
| 999 | |c 1959 |d 1959 | ||
| 090 | |a 06.05.02 |b 467 | ||
| 100 | |a Calvo, Gloria |9 3836 | ||
| 245 | 1 | 0 | |a Enseñanza y aprendizaje en busca de nuevas rutas |
| 260 | |a Chile : |b PREAL, |c 1996 | ||
| 300 | |a 27 páginas | ||
| 650 | 1 | 4 | |a ENSEÑANZA |9 14 |
| 650 | 1 | 4 | |a APRENDIZAJE |9 387 |
| 650 | 1 | 4 | |a PROGRAMAS DE ENSEÑANZA |9 818 |
| 650 | 1 | 4 | |a PRÁCTICA PEDAGÓGICA |9 499 |
| 942 | |i 00829 |h 06.05.02 467 |2 z |c 01 | ||
